Đang tải...

Irreversible phenomena Ignitions, combustion and destonation waves /

Chi tiết về thư mục
Tác giả chính: Terao, Kunio
Ngôn ngữ:Undetermined
Được phát hành: New York : Springer , 2007.
Những chủ đề:
LEADER 00572nam a2200181Ia 4500
001 159380
008 170722s9999 xx 000 0 und d
020 |a 9783540499008 
100 |a Terao, Kunio 
245 |a Irreversible phenomena  |b Ignitions, combustion and destonation waves / 
260 |a New York :  |b Springer ,  |c 2007. 
300 |a x+409 
653 |a Heat 
653 |a Thermodynamics 
923 |d 20081006  |n 290 
942 |c GEN 
999 |c 137688  |d 137688 
952 |0 0  |1 0  |4 0  |6 C_47_P71  |7 0  |9 194588  |a LIB  |b LIB  |d 2013-03-25  |e The Book Bay  |o C4:7 P71  |p 268779  |r 2017-08-12  |w 2017-08-12  |y GEN